000 00313nam a22001337a 4500
008 170809b xxu||||| |||| 00| 0 eng d
020 _a9783540607489
041 _aeng
080 _a004
100 _a35
101 _aSHKI
245 _aCOMPUTER AIDED SYSTEMS THEORY- EUROCAST 95
_cPICHLER, F
942 _2udc
_cBK
999 _c23000
_d23000